|
|
|
|
| LEADER |
01786cas a2200241 a 4500 |
| 001 |
AALejournalIMF005145 |
| 008 |
230101c9999 xx r poo 0 0eng d |
| 020 |
|
|
|c 5.00 USD
|
| 020 |
|
|
|z 9781451832532
|
| 022 |
|
|
|a 1934-7685
|
| 040 |
|
|
|a BD-DhAAL
|c BD-DhAAL
|
| 110 |
2 |
|
|a International Monetary Fund.
|
| 245 |
1 |
0 |
|a Paraguay :
|b Fourth Review Under the Stand-By Arrangement and Request for Reduction and Rephasing of Access; Staff Report; Staff Statement; Press Release on the Executive Board Discussion; and Statement by the Executive Director for Paraguay.
|
| 264 |
|
1 |
|a Washington, D.C. :
|b International Monetary Fund,
|c 2008.
|
| 300 |
|
|
|a 1 online resource (61 pages)
|
| 490 |
1 |
|
|a IMF Staff Country Reports
|
| 500 |
|
|
|a <strong>Off-Campus Access:</strong> No User ID or Password Required
|
| 500 |
|
|
|a <strong>On-Campus Access:</strong> No User ID or Password Required
|
| 506 |
|
|
|a Electronic access restricted to authorized BRAC University faculty, staff and students
|
| 520 |
3 |
|
|a The recent tightening of credit conditions in segments of mature financial markets abroad has not had an impact on Paraguay. The current mix of macroeconomic policies combined with favorable external conditions and the appreciation of the guarani, have facilitated strong program performance and a decline in core inflation over the past months. At the international level, there is a risk that a global slowdown associated with the credit tightening could spill over to emerging economies and to Paraguay's neighbors, which could affect Paraguayan exports.
|
| 538 |
|
|
|a Mode of access: Internet
|
| 830 |
|
0 |
|a IMF Staff Country Reports; Country Report ;
|v No. 2008/179
|
| 856 |
4 |
0 |
|z Full text available on IMF
|u http://elibrary.imf.org/view/journals/002/2008/179/002.2008.issue-179-en.xml
|z IMF e-Library
|